[Event "Deutsche Ländermeisterschaft 2022"]
[Site "Wiesbaden GER"]
[Date "2022.10.03"]
[Round "5"]
[White "Musiolik, David"]
[Black "Leonard, Timo"]
[Result "1-0"]
[Termination "normal"]
[Board "1.2"]
[WhiteElo "2252"]
[BlackElo "2067"]
[WhiteClock "00:05:32"]
[BlackClock "00:00:33"]
[WhiteTeam "Rheinland-Pfalz"]
[BlackTeam "Nordrhein-Westfalen"]
[PlyCount "82"]
[WhiteFideId "12972355"]
[BlackFideId "16208757"]
[EventCountry "GER"]
[EventRounds "7"]
[EventType "team-swiss"]
[EventDate "2022.09.30"]

1. e4 {[%clk 1:30:48]} c6 {[%clk 1:30:52]} 2. d4 {[%clk 1:31:08]} d5 {[%clk
1:31:17]} 3. e5 {[%clk 1:31:17]} c5 {[%clk 1:31:05]} 4. dxc5 {[%clk 1:31:13]}
e6 {[%clk 1:31:24]} 5. a3 {[%clk 1:31:18]} Bxc5 {[%clk 1:28:46]} 6. Qg4 {[%clk
1:30:44]} g6 {[%clk 1:27:39]} 7. Nf3 {[%clk 1:27:43]} Nd7 {[%clk 1:18:36]} 8.
b4 {[%clk 1:20:24]} Be7 {[%clk 1:18:17]} 9. c4 {[%clk 1:19:35]} h5 {[%clk
1:00:31]} 10. Qf4 {[%clk 1:17:55]} dxc4 {[%clk 0:59:52]} 11. Bxc4 {[%clk
1:17:21]} Nb6 {[%clk 0:58:00]} 12. O-O {[%clk 1:08:40]} Nxc4 {[%clk 0:57:41]}
13. Qxc4 {[%clk 1:09:02]} Bd7 {[%clk 0:55:02]} 14. Rd1 {[%clk 1:06:22]} Rc8
{[%clk 0:50:02]} 15. Qe2 {[%clk 1:02:54]} Qc7 {[%clk 0:36:05]} 16. Bb2 {[%clk
0:59:41]} Nh6 {[%clk 0:33:35]} 17. Nc3 {[%clk 0:54:50]} Qc4 {[%clk 0:24:41]}
18. Qd2 {[%clk 0:47:51]} Bc6 {[%clk 0:19:31]} 19. Rac1 {[%clk 0:45:44]} Rd8
{[%clk 0:16:25]} 20. Nd4 {[%clk 0:43:54]} Nf5 {[%clk 0:14:21]} 21. Ne4 {[%clk
0:35:21]} Qd5 {[%clk 0:12:47]} 22. Nxc6 {[%clk 0:28:49]} Qxd2 {[%clk 0:12:24]}
23. Rxd2 {[%clk 0:25:18]} Rxd2 {[%clk 0:12:17]} 24. Nxd2 {[%clk 0:25:42]} bxc6
{[%clk 0:12:44]} 25. Rxc6 {[%clk 0:25:53]} Kd7 {[%clk 0:11:56]} 26. Ra6 {[%clk
0:18:37]} Rc8 {[%clk 0:09:51]} 27. Rxa7+ {[%clk 0:18:45]} Kc6 {[%clk 0:05:32]}
28. Kf1 {[%clk 0:10:20]} Kb6 {[%clk 0:05:15]} 29. Rd7 {[%clk 0:10:32]} Rc2
{[%clk 0:05:15]} 30. Rd3 {[%clk 0:10:06]} Kb5 {[%clk 0:03:07]} 31. Bc3 {[%clk
0:09:30]} Bg5 {[%clk 0:01:42]} 32. Ke2 {[%clk 0:08:54]} Bxd2 {[%clk 0:01:25]}
33. Bxd2 {[%clk 0:09:22]} Kc4 {[%clk 0:01:38]} 34. a4 {[%clk 0:06:31]} Ra2
{[%clk 0:01:10]} 35. a5 {[%clk 0:06:21]} Nd4+ {[%clk 0:01:04]} 36. Ke3 {[%clk
0:06:47]} Nc2+ {[%clk 0:00:37]} 37. Ke4 {[%clk 0:07:13]} Kb5 {[%clk 0:00:49]}
38. Rd8 {[%clk 0:06:32]} Na3 {[%clk 0:00:35]} 39. Rb8+ {[%clk 0:06:22]} Kc6
{[%clk 0:00:51]} 40. Be3 {[%clk 0:06:24]} Rb2 {[%clk 0:00:33]} 41. a6 {[%clk
0:05:32]} Kd5+ 1-0

[Event "Deutsche Ländermeisterschaft 2022"]
[Site "Wiesbaden GER"]
[Date "2022.10.03"]
[Round "5"]
[White "Gluma, Christian"]
[Black "Sidletskyi, Ivan"]
[Result "1/2-1/2"]
[Termination "normal"]
[Board "1.3"]
[WhiteElo "2107"]
[BlackElo "2184"]
[WhiteClock "00:04:50"]
[BlackClock "00:06:41"]
[WhiteTeam "Nordrhein-Westfalen"]
[BlackTeam "Rheinland-Pfalz"]
[PlyCount "102"]
[WhiteFideId "16223209"]
[BlackFideId "14156024"]
[EventCountry "GER"]
[EventRounds "7"]
[EventType "team-swiss"]
[EventDate "2022.09.30"]

1. e4 {[%clk 1:30:56]} e6 {[%clk 1:29:32]} 2. d4 {[%clk 1:31:19]} d5 {[%clk
1:29:31]} 3. Nd2 {[%clk 1:31:42]} c5 {[%clk 1:29:05]} 4. exd5 {[%clk 1:32:00]}
Qxd5 {[%clk 1:28:48]} 5. Ngf3 {[%clk 1:32:22]} cxd4 {[%clk 1:28:53]} 6. Bc4
{[%clk 1:32:42]} Qd6 {[%clk 1:29:01]} 7. O-O {[%clk 1:31:36]} Nf6 {[%clk
1:26:07]} 8. Nb3 {[%clk 1:31:10]} Nc6 {[%clk 1:25:50]} 9. Nbxd4 {[%clk
1:30:33]} Nxd4 {[%clk 1:25:16]} 10. Nxd4 {[%clk 1:30:29]} Be7 {[%clk 1:24:30]}
11. Nb5 {[%clk 1:22:24]} Qc6 {[%clk 1:22:14]} 12. Qe2 {[%clk 1:06:30]} O-O
{[%clk 1:14:23]} 13. Bf4 {[%clk 1:01:18]} a6 {[%clk 0:59:02]} 14. Nd4 {[%clk
0:56:14]} Qc5 {[%clk 0:53:43]} 15. Nb3 {[%clk 0:51:12]} Qc6 {[%clk 0:45:45]}
16. Nd4 {[%clk 0:39:36]} Qc5 {[%clk 0:45:16]} 17. Nb3 {[%clk 0:32:03]} Qc6
{[%clk 0:34:20]} 18. Bd3 {[%clk 0:27:16]} Bd7 {[%clk 0:30:12]} 19. Rad1 {[%clk
0:24:55]} Rfd8 {[%clk 0:27:26]} 20. Be5 {[%clk 0:22:40]} Rac8 {[%clk 0:14:09]}
21. Qe3 {[%clk 0:19:34]} Qa4 {[%clk 0:10:41]} 22. Rd2 {[%clk 0:13:01]} Bc6
{[%clk 0:09:36]} 23. Qg3 {[%clk 0:11:38]} Qg4 {[%clk 0:06:13]} 24. Qxg4 {[%clk
0:08:28]} Nxg4 {[%clk 0:06:38]} 25. Bd4 {[%clk 0:08:16]} Bd6 {[%clk 0:04:09]}
26. f4 {[%clk 0:05:53]} Nf6 {[%clk 0:04:32]} 27. g3 {[%clk 0:05:36]} Bd5 {[%clk
0:03:28]} 28. Rfd1 {[%clk 0:05:13]} b5 {[%clk 0:02:27]} 29. c3 {[%clk 0:04:32]}
Kf8 {[%clk 0:01:51]} 30. Bf1 {[%clk 0:03:18]} Ne4 {[%clk 0:01:21]} 31. Re2
{[%clk 0:03:30]} f5 {[%clk 0:00:43]} 32. Bg2 {[%clk 0:03:27]} Rc4 {[%clk
0:00:32]} 33. Bxe4 {[%clk 0:01:24]} fxe4 {[%clk 0:00:46]} 34. Nd2 Rcc8 {[%clk
0:00:50]} 35. Nxe4 {[%clk 0:01:54]} Be7 {[%clk 0:00:47]} 36. Nd2 {[%clk
0:01:34]} Kf7 {[%clk 0:00:48]} 37. Kf2 {[%clk 0:01:28]} b4 {[%clk 0:00:39]} 38.
Nf3 {[%clk 0:01:30]} Ke8 {[%clk 0:00:34]} 39. Red2 {[%clk 0:01:10]} bxc3 {[%clk
0:00:40]} 40. bxc3 {[%clk 0:01:27]} g6 {[%clk 0:00:40]} 41. Rb1 {[%clk
0:22:55]} Rc4 {[%clk 0:28:09]} 42. Ne5 {[%clk 0:16:20]} Ra4 {[%clk 0:27:28]}
43. Rb6 {[%clk 0:13:41]} Bd6 {[%clk 0:23:43]} 44. Ng4 {[%clk 0:10:39]} Be7
{[%clk 0:22:23]} 45. Rbb2 {[%clk 0:09:52]} Rc8 {[%clk 0:18:37]} 46. Ne3 {[%clk
0:09:12]} Be4 {[%clk 0:15:09]} 47. Rb6 {[%clk 0:07:59]} Kf7 {[%clk 0:14:37]}
48. Rdb2 {[%clk 0:06:39]} Bc5 {[%clk 0:08:24]} 49. Bxc5 {[%clk 0:06:14]} Rxc5
{[%clk 0:08:51]} 50. R6b4 {[%clk 0:05:44]} Rxb4 {[%clk 0:07:40]} 51. Rxb4
{[%clk 0:04:50]} Bd3 {[%clk 0:06:41]} 1/2-1/2

[Event "Deutsche Ländermeisterschaft 2022"]
[Site "Wiesbaden GER"]
[Date "2022.10.03"]
[Round "5"]
[White "Rudolph, Eva"]
[Black "Yue, Qizhou"]
[Result "0-1"]
[Termination "normal"]
[Board "1.5"]
[WhiteElo "1911"]
[BlackElo "1711"]
[WhiteClock "00:01:35"]
[BlackClock "00:01:57"]
[WhiteTeam "Nordrhein-Westfalen"]
[BlackTeam "Rheinland-Pfalz"]
[PlyCount "134"]
[WhiteFideId "16200594"]
[BlackFideId "16273800"]
[EventCountry "GER"]
[EventRounds "7"]
[EventType "team-swiss"]
[EventDate "2022.09.30"]

1. e4 {[%clk 1:30:57]} d5 {[%clk 1:30:53]} 2. exd5 {[%clk 1:31:20]} Qxd5 {[%clk
1:31:17]} 3. Nc3 {[%clk 1:31:40]} Qd8 {[%clk 1:31:40]} 4. d4 {[%clk 1:30:54]}
Nf6 {[%clk 1:31:59]} 5. Bc4 {[%clk 1:27:19]} g6 {[%clk 1:31:38]} 6. Nf3 {[%clk
1:25:41]} Bg7 {[%clk 1:31:48]} 7. Bg5 {[%clk 1:19:36]} O-O {[%clk 1:29:59]} 8.
Qd2 {[%clk 1:13:06]} a6 {[%clk 1:28:46]} 9. a4 {[%clk 1:06:36]} Nc6 {[%clk
1:27:03]} 10. Rd1 {[%clk 0:55:13]} Bg4 {[%clk 1:21:34]} 11. Be2 {[%clk
0:52:10]} Bf5 {[%clk 1:14:09]} 12. h4 {[%clk 0:46:43]} h5 {[%clk 1:09:38]} 13.
d5 {[%clk 0:40:18]} Nb4 {[%clk 1:06:59]} 14. Nd4 {[%clk 0:40:35]} Qd7 {[%clk
0:56:16]} 15. Bf3 {[%clk 0:37:16]} Ng4 {[%clk 0:49:05]} 16. Nxf5 {[%clk
0:34:00]} Qxf5 {[%clk 0:48:51]} 17. Ne4 {[%clk 0:31:37]} a5 {[%clk 0:45:11]}
18. c3 {[%clk 0:29:22]} Na6 {[%clk 0:45:25]} 19. O-O {[%clk 0:29:04]} Ne5
{[%clk 0:42:56]} 20. Bxe7 {[%clk 0:22:01]} Nxf3+ {[%clk 0:40:03]} 21. gxf3
{[%clk 0:22:23]} Rfe8 {[%clk 0:31:17]} 22. d6 {[%clk 0:21:09]} cxd6 {[%clk
0:31:02]} 23. Nxd6 {[%clk 0:20:39]} Qxf3 {[%clk 0:28:21]} 24. Nxe8 {[%clk
0:19:36]} Qg4+ {[%clk 0:27:09]} 25. Kh2 {[%clk 0:16:39]} Rxe8 {[%clk 0:27:11]}
26. Qg5 {[%clk 0:03:45]} Qe2 {[%clk 0:23:33]} 27. Bf6 {[%clk 0:02:00]} Qxb2
{[%clk 0:22:40]} 28. Bxg7 {[%clk 0:01:27]} Kxg7 {[%clk 0:23:01]} 29. c4 {[%clk
0:00:56]} Re2 {[%clk 0:22:22]} 30. Qg3 {[%clk 0:00:58]} Nc5 {[%clk 0:21:16]}
31. Rb1 {[%clk 0:00:58]} Qc2 {[%clk 0:17:34]} 32. Rbc1 {[%clk 0:01:07]} Qb2
{[%clk 0:10:23]} 33. Qc3+ {[%clk 0:00:52]} Qxc3 {[%clk 0:10:25]} 34. Rxc3
{[%clk 0:01:22]} Nxa4 {[%clk 0:09:36]} 35. Ra3 {[%clk 0:01:02]} Nb6 {[%clk
0:05:45]} 36. Rc3 {[%clk 0:00:38]} Re4 {[%clk 0:05:33]} 37. Kg3 {[%clk
0:00:34]} Rg4+ {[%clk 0:04:58]} 38. Kh3 {[%clk 0:00:57]} Rxc4 {[%clk 0:03:25]}
39. Rb3 {[%clk 0:00:55]} Nd5 {[%clk 0:02:09]} 40. Rxb7 {[%clk 0:01:07]} Rc3+
{[%clk 0:01:55]} 41. Kh2 {[%clk 0:00:58]} Nf4 {[%clk 0:30:15]} 42. f3 {[%clk
0:18:25]} Rc2+ {[%clk 0:29:16]} 43. Kh1 {[%clk 0:15:36]} Ng2 {[%clk 0:27:01]}
44. Ra7 {[%clk 0:14:10]} Nxh4 {[%clk 0:26:24]} 45. Rxa5 {[%clk 0:14:16]} Kf6
{[%clk 0:21:31]} 46. f4 {[%clk 0:10:58]} Nf5 {[%clk 0:17:26]} 47. Ra6+ {[%clk
0:10:37]} Kg7 {[%clk 0:17:45]} 48. Rfa1 {[%clk 0:07:49]} Ng3+ {[%clk 0:17:45]}
49. Kg1 {[%clk 0:07:55]} Ne2+ {[%clk 0:18:00]} 50. Kf1 {[%clk 0:07:57]} Nxf4
{[%clk 0:18:19]} 51. R6a2 {[%clk 0:07:01]} Rxa2 {[%clk 0:17:35]} 52. Rxa2
{[%clk 0:07:29]} g5 {[%clk 0:17:19]} 53. Ra6 {[%clk 0:07:40]} f6 {[%clk
0:17:29]} 54. Kf2 {[%clk 0:07:50]} Kg6 {[%clk 0:15:09]} 55. Ra5 {[%clk
0:07:51]} h4 {[%clk 0:13:53]} 56. Kf3 {[%clk 0:07:29]} Nd3 {[%clk 0:10:34]} 57.
Ke4 {[%clk 0:06:35]} Ne5 {[%clk 0:10:23]} 58. Ra8 {[%clk 0:06:45]} g4 {[%clk
0:05:38]} 59. Kf4 {[%clk 0:05:13]} g3 {[%clk 0:03:40]} 60. Rh8 {[%clk 0:03:26]}
Kg7 {[%clk 0:03:50]} 61. Ra8 {[%clk 0:03:04]} Ng6+ {[%clk 0:01:40]} 62. Kg4
{[%clk 0:02:46]} Kf7 {[%clk 0:01:20]} 63. Ra6 {[%clk 0:01:57]} g2 {[%clk
0:01:27]} 64. Ra1 {[%clk 0:02:19]} f5+ {[%clk 0:01:28]} 65. Kh3 {[%clk
0:02:08]} Nf4+ {[%clk 0:01:39]} 66. Kxh4 {[%clk 0:01:13]} Ne2 {[%clk 0:01:57]}
67. Kg5 {[%clk 0:01:35]} Ke6 *

[Event "Deutsche Ländermeisterschaft 2022"]
[Site "Wiesbaden GER"]
[Date "2022.10.03"]
[Round "5"]
[White "Vranckx, Oscar"]
[Black "Möller, Maurin"]
[Result "0-1"]
[Termination "normal"]
[Board "1.6"]
[WhiteElo "1583"]
[BlackElo "1936"]
[WhiteClock "01:13:57"]
[BlackClock "00:18:15"]
[WhiteTeam "Rheinland-Pfalz"]
[BlackTeam "Nordrhein-Westfalen"]
[PlyCount "58"]
[WhiteFideId "34608788"]
[BlackFideId "16265696"]
[EventCountry "GER"]
[EventRounds "7"]
[EventType "team-swiss"]
[EventDate "2022.09.30"]

1. e4 {[%clk 1:30:55]} c5 {[%clk 1:30:52]} 2. Nf3 {[%clk 1:31:21]} e6 {[%clk
1:31:17]} 3. d4 {[%clk 1:31:39]} cxd4 {[%clk 1:31:44]} 4. Nxd4 {[%clk 1:31:52]}
Nf6 {[%clk 1:32:09]} 5. Nc3 {[%clk 1:32:15]} Nc6 {[%clk 1:32:37]} 6. Ndb5
{[%clk 1:32:29]} Bb4 {[%clk 1:32:56]} 7. a3 {[%clk 1:32:47]} Bxc3+ {[%clk
1:33:22]} 8. Nxc3 {[%clk 1:33:09]} d5 {[%clk 1:33:43]} 9. exd5 {[%clk 1:33:32]}
exd5 {[%clk 1:34:08]} 10. Bd3 {[%clk 1:33:56]} O-O {[%clk 1:34:33]} 11. O-O
{[%clk 1:34:22]} d4 {[%clk 1:30:16]} 12. Ne2 {[%clk 1:34:47]} Re8 {[%clk
1:25:30]} 13. Bg5 {[%clk 1:33:26]} h6 {[%clk 1:24:59]} 14. Bh4 {[%clk 1:33:42]}
a6 {[%clk 1:15:17]} 15. Qd2 {[%clk 1:31:59]} g5 {[%clk 1:06:42]} 16. Bg3 {[%clk
1:32:07]} Kg7 {[%clk 1:05:49]} 17. f4 {[%clk 1:31:38]} Nd5 {[%clk 1:05:26]} 18.
fxg5 {[%clk 1:30:39]} hxg5 {[%clk 1:05:10]} 19. h4 {[%clk 1:27:49]} Ne3 {[%clk
0:54:10]} 20. hxg5 {[%clk 1:26:36]} Qxg5 {[%clk 0:50:41]} 21. Rf2 {[%clk
1:26:09]} Bg4 {[%clk 0:47:16]} 22. Raf1 {[%clk 1:22:22]} f5 {[%clk 0:36:21]}
23. Nf4 {[%clk 1:20:15]} Qh6 {[%clk 0:29:04]} 24. Re1 {[%clk 1:15:50]} Rh8
{[%clk 0:25:56]} 25. Rfe2 {[%clk 1:16:04]} Bxe2 {[%clk 0:23:23]} 26. Bxe2
{[%clk 1:16:28]} Rae8 {[%clk 0:18:52]} 27. c3 {[%clk 1:14:28]} d3 {[%clk
0:17:26]} 28. Qxd3 {[%clk 1:13:46]} Qh1+ {[%clk 0:17:47]} 29. Kf2 {[%clk
1:13:57]} Ng4+ {[%clk 0:18:15]} 0-1

[Event "Deutsche Ländermeisterschaft 2022"]
[Site "Wiesbaden GER"]
[Date "2022.10.03"]
[Round "5"]
[White "Nechitaylo, Nikita"]
[Black "Wunderlich, Elias"]
[Result "1-0"]
[Termination "normal"]
[Board "2.5"]
[WhiteElo "1651"]
[BlackElo "1815"]
[WhiteClock "01:11:22"]
[BlackClock "00:16:27"]
[WhiteTeam "Niedersachsen"]
[BlackTeam "Bayern"]
[PlyCount "119"]
[WhiteFideId "34138161"]
[BlackFideId "34608087"]
[EventCountry "GER"]
[EventRounds "7"]
[EventType "team-swiss"]
[EventDate "2022.09.30"]

1. e4 {[%clk 1:30:58]} e6 {[%clk 1:30:56]} 2. d4 {[%clk 1:31:25]} d5 {[%clk
1:31:22]} 3. e5 {[%clk 1:31:51]} c5 {[%clk 1:31:48]} 4. c3 {[%clk 1:32:18]} Nc6
{[%clk 1:32:15]} 5. Nf3 {[%clk 1:32:44]} Qb6 {[%clk 1:32:39]} 6. Bd3 {[%clk
1:33:10]} Bd7 {[%clk 1:32:41]} 7. dxc5 {[%clk 1:33:19]} Bxc5 {[%clk 1:32:58]}
8. O-O {[%clk 1:33:41]} a5 {[%clk 1:32:47]} 9. Nbd2 {[%clk 1:32:08]} Qa7 {[%clk
1:30:18]} 10. c4 {[%clk 1:28:04]} Nge7 {[%clk 1:26:29]} 11. g3 {[%clk 1:15:53]}
O-O-O {[%clk 1:22:29]} 12. a3 {[%clk 1:14:08]} Ng6 {[%clk 1:20:05]} 13. Bxg6
{[%clk 1:08:56]} hxg6 {[%clk 1:20:05]} 14. b4 {[%clk 1:09:23]} axb4 {[%clk
1:17:03]} 15. Nb3 {[%clk 1:09:46]} bxa3 {[%clk 0:44:11]} 16. Nxc5 {[%clk
1:09:33]} Qxc5 {[%clk 0:44:36]} 17. Bxa3 {[%clk 1:09:57]} Qxc4 {[%clk 0:43:09]}
18. Bd6 {[%clk 1:10:06]} b6 {[%clk 0:36:29]} 19. Ng5 {[%clk 1:05:18]} Be8
{[%clk 0:26:52]} 20. Ra4 {[%clk 1:01:30]} Qb5 {[%clk 0:24:35]} 21. Qc2 {[%clk
0:58:23]} Rxd6 {[%clk 0:19:10]} 22. exd6 {[%clk 0:55:01]} Qc5 {[%clk 0:18:32]}
23. Qb2 {[%clk 0:46:25]} Qxd6 {[%clk 0:12:51]} 24. Qxb6 {[%clk 0:46:11]} Qc7
{[%clk 0:09:36]} 25. Ra8+ {[%clk 0:46:19]} Kd7 {[%clk 0:08:33]} 26. Qc5 {[%clk
0:46:29]} Rh5 {[%clk 0:07:35]} 27. f4 Qd6 {[%clk 0:07:09]} 28. Qxd6+ {[%clk
0:42:38]} Kxd6 {[%clk 0:07:36]} 29. Rxe8 {[%clk 0:43:04]} f6 {[%clk 0:06:56]}
30. Nf7+ {[%clk 0:35:51]} Kd7 {[%clk 0:06:56]} 31. Rh8 {[%clk 0:36:21]} Ke7
{[%clk 0:06:10]} 32. Rxh5 {[%clk 0:36:47]} gxh5 {[%clk 0:06:38]} 33. Nh8 {[%clk
0:37:16]} Nd4 {[%clk 0:06:20]} 34. Ng6+ {[%clk 0:37:25]} Kd6 {[%clk 0:06:35]}
35. Kf2 {[%clk 0:37:29]} Nf5 {[%clk 0:04:45]} 36. Nh4 {[%clk 0:37:46]} Ne7
{[%clk 0:04:53]} 37. Ra1 {[%clk 0:37:19]} d4 {[%clk 0:04:40]} 38. Ra7 {[%clk
0:36:19]} Nd5 {[%clk 0:04:19]} 39. Nf3 {[%clk 0:36:41]} Kc5 {[%clk 0:04:09]}
40. Ra5+ {[%clk 0:36:35]} Kb4 {[%clk 0:04:29]} 41. Rxd5 {[%clk 0:36:30]} exd5
{[%clk 0:04:53]} 42. Nxd4 {[%clk 0:36:57]} Kc3 {[%clk 0:04:57]} 43. Ke3 {[%clk
0:37:20]} g6 {[%clk 0:05:01]} 44. h4 {[%clk 0:37:07]} Kc4 {[%clk 0:04:46]} 45.
g4 {[%clk 0:35:33]} hxg4 {[%clk 0:04:43]} 46. f5 {[%clk 0:36:01]} gxf5 {[%clk
0:03:41]} 47. h5 {[%clk 0:36:28]} f4+ {[%clk 0:03:56]} 48. Kxf4 {[%clk
0:36:50]} Kxd4 {[%clk 0:04:11]} 49. h6 {[%clk 0:37:09]} g3 {[%clk 0:15:51]} 50.
Kxg3 {[%clk 1:07:31]} Ke3 {[%clk 0:15:59]} 51. h7 {[%clk 1:07:57]} f5 {[%clk
0:15:55]} 52. h8=Q {[%clk 1:08:08]} f4+ {[%clk 0:16:18]} 53. Kg2 {[%clk
1:08:34]} f3+ {[%clk 0:16:27]} 54. Kg3 {[%clk 1:08:58]} d4 {[%clk 0:15:36]} 55.
Qe5+ {[%clk 1:09:18]} Kd3 {[%clk 0:15:49]} 56. Kxf3 {[%clk 1:09:45]} Kc4 {[%clk
0:16:01]} 57. Ke4 {[%clk 1:10:10]} d3 {[%clk 0:15:59]} 58. Qd5+ {[%clk
1:10:35]} Kb4 {[%clk 0:16:04]} 59. Kxd3 {[%clk 1:11:01]} Ka4 {[%clk 0:16:27]}
60. Kc3 {[%clk 1:11:22]} 1-0

[Event "Deutsche Ländermeisterschaft 2022"]
[Site "Wiesbaden GER"]
[Date "2022.10.03"]
[Round "5"]
[White "Stichter, Constantin Paul"]
[Black "Nizamova, Rita"]
[Result "1/2-1/2"]
[Termination "normal"]
[Board "2.6"]
[WhiteElo "1620"]
[BlackElo "1813"]
[WhiteClock "00:00:52"]
[BlackClock "00:01:02"]
[WhiteTeam "Bayern"]
[BlackTeam "Niedersachsen"]
[PlyCount "61"]
[WhiteFideId "34603140"]
[BlackFideId "16221940"]
[EventCountry "GER"]
[EventRounds "7"]
[EventType "team-swiss"]
[EventDate "2022.09.30"]

1. e4 {[%clk 1:30:59]} c5 {[%clk 1:30:56]} 2. Nc3 {[%clk 1:31:24]} a6 {[%clk
1:31:23]} 3. g3 {[%clk 1:29:18]} b5 {[%clk 1:31:44]} 4. Bg2 {[%clk 1:29:29]}
Bb7 {[%clk 1:31:53]} 5. Nge2 {[%clk 1:29:24]} e6 {[%clk 1:31:45]} 6. O-O {[%clk
1:29:11]} Nc6 {[%clk 1:27:59]} 7. d3 {[%clk 1:26:25]} Be7 {[%clk 1:18:50]} 8.
f4 {[%clk 1:22:09]} h5 {[%clk 1:16:32]} 9. Qe1 {[%clk 1:15:34]} Nh6 {[%clk
1:13:16]} 10. f5 {[%clk 1:02:32]} Qb6 {[%clk 0:48:25]} 11. Nd1 {[%clk 0:42:56]}
O-O-O {[%clk 0:45:49]} 12. Nf4 {[%clk 0:31:46]} Nd4 {[%clk 0:36:22]} 13. Ne3
{[%clk 0:20:53]} Ng4 {[%clk 0:28:28]} 14. Nxg4 {[%clk 0:14:32]} hxg4 {[%clk
0:28:56]} 15. Qf2 {[%clk 0:11:42]} Rh7 {[%clk 0:22:12]} 16. c3 {[%clk 0:10:43]}
Nf3+ {[%clk 0:22:36]} 17. Bxf3 {[%clk 0:11:04]} gxf3 {[%clk 0:23:03]} 18. Qxf3
{[%clk 0:10:04]} exf5 {[%clk 0:22:59]} 19. Nd5 {[%clk 0:09:30]} Bxd5 {[%clk
0:23:27]} 20. exd5 {[%clk 0:09:55]} Rdh8 {[%clk 0:21:46]} 21. Rf2 {[%clk
0:10:05]} Qg6 {[%clk 0:13:52]} 22. Bf4 {[%clk 0:09:29]} Bd6 {[%clk 0:14:04]}
23. a4 {[%clk 0:08:44]} Bxf4 {[%clk 0:11:42]} 24. Qxf4 {[%clk 0:08:59]} Rh4
{[%clk 0:10:37]} 25. Qe3 {[%clk 0:02:19]} d6 {[%clk 0:10:59]} 26. Rg2 {[%clk
0:01:51]} Rxa4 {[%clk 0:08:05]} 27. Rxa4 {[%clk 0:02:20]} bxa4 {[%clk 0:08:34]}
28. d4 {[%clk 0:01:48]} f4 {[%clk 0:02:17]} 29. Qxf4 {[%clk 0:01:27]} Re8
{[%clk 0:02:11]} 30. Rf2 {[%clk 0:01:08]} Re1+ {[%clk 0:01:02]} 31. Kg2 {[%clk
0:00:52]} 1/2-1/2

[Event "Deutsche Ländermeisterschaft 2022"]
[Site "Wiesbaden GER"]
[Date "2022.10.03"]
[Round "5"]
[White "Nied, Pascal"]
[Black "Sommer, Justus"]
[Result "1/2-1/2"]
[Termination "normal"]
[Board "3.2"]
[WhiteElo "2131"]
[BlackElo "2122"]
[WhiteClock "00:07:48"]
[BlackClock "00:08:42"]
[WhiteTeam "Baden 1"]
[BlackTeam "Schleswig-Holstein"]
[PlyCount "105"]
[WhiteFideId "16260597"]
[BlackFideId "16245008"]
[EventCountry "GER"]
[EventRounds "7"]
[EventType "team-swiss"]
[EventDate "2022.09.30"]

1. e4 {[%clk 1:30:57]} e5 {[%clk 1:30:46]} 2. Nf3 {[%clk 1:31:23]} Nc6 {[%clk
1:31:05]} 3. Bb5 {[%clk 1:31:49]} Nf6 {[%clk 1:31:07]} 4. d3 {[%clk 1:30:09]}
d6 {[%clk 1:31:04]} 5. c3 {[%clk 1:28:41]} g6 {[%clk 1:29:36]} 6. h3 {[%clk
1:20:00]} Bg7 {[%clk 1:28:25]} 7. Be3 {[%clk 1:19:01]} O-O {[%clk 1:25:30]} 8.
O-O {[%clk 1:15:49]} a6 {[%clk 1:20:53]} 9. Ba4 {[%clk 1:13:06]} b5 {[%clk
1:17:51]} 10. Bc2 {[%clk 0:59:18]} Bb7 {[%clk 1:13:32]} 11. Nbd2 {[%clk
0:55:42]} Re8 12. b4 a5 {[%clk 1:02:33]} 13. a4 {[%clk 0:54:23]} bxa4 {[%clk
0:57:40]} 14. b5 {[%clk 0:53:53]} Nb8 {[%clk 0:56:47]} 15. Rxa4 {[%clk
0:44:26]} d5 {[%clk 0:44:03]} 16. Nb3 {[%clk 0:36:50]} dxe4 {[%clk 0:41:49]}
17. dxe4 {[%clk 0:36:55]} Qc8 {[%clk 0:39:26]} 18. Qb1 {[%clk 0:30:47]} Nh5
{[%clk 0:35:20]} 19. Nxa5 {[%clk 0:29:44]} Nf4 {[%clk 0:35:27]} 20. Re1 {[%clk
0:24:27]} Nd7 {[%clk 0:32:45]} 21. Bb3 {[%clk 0:19:52]} h6 {[%clk 0:29:33]} 22.
Qa2 {[%clk 0:17:54]} Rf8 {[%clk 0:27:00]} 23. Nxb7 {[%clk 0:08:52]} Rxa4 {[%clk
0:27:10]} 24. Qxa4 {[%clk 0:09:05]} Qxb7 {[%clk 0:27:22]} 25. Qa6 {[%clk
0:07:45]} Qxe4 {[%clk 0:25:39]} 26. Bxf4 {[%clk 0:05:42]} Qxf4 {[%clk 0:25:44]}
27. Qxg6 {[%clk 0:05:17]} Nc5 {[%clk 0:24:01]} 28. Bd5 {[%clk 0:04:49]} Rd8
{[%clk 0:19:34]} 29. Rxe5 {[%clk 0:04:07]} Kh8 {[%clk 0:15:56]} 30. Bxf7 {[%clk
0:00:38]} Bxe5 {[%clk 0:15:39]} 31. g3 {[%clk 0:01:07]} Qc1+ {[%clk 0:14:04]}
32. Kg2 {[%clk 0:01:12]} Bg7 {[%clk 0:12:39]} 33. h4 {[%clk 0:00:38]} Nd7
{[%clk 0:06:42]} 34. Ng5 {[%clk 0:00:32]} Nf8 {[%clk 0:06:57]} 35. Qh5 {[%clk
0:00:36]} Qd1 {[%clk 0:05:59]} 36. g4 {[%clk 0:00:32]} Nh7 {[%clk 0:01:41]} 37.
Ne6 {[%clk 0:00:36]} Rd3 {[%clk 0:00:47]} 38. Qf5 {[%clk 0:00:35]} Nf6 {[%clk
0:00:54]} 39. Nxg7 {[%clk 0:00:51]} Qxg4+ {[%clk 0:00:37]} 40. Qxg4 {[%clk
0:01:14]} Nxg4 {[%clk 0:01:05]} 41. Be6 {[%clk 0:00:42]} Kxg7 {[%clk 0:00:46]}
42. Bxg4 {[%clk 0:00:44]} Rxc3 {[%clk 0:01:09]} 43. Bd7 {[%clk 0:15:17]} Rd3
{[%clk 0:26:39]} 44. Bc6 {[%clk 0:15:27]} Kf6 {[%clk 0:26:23]} 45. f3 {[%clk
0:15:26]} Ke5 {[%clk 0:22:23]} 46. Kg3 {[%clk 0:15:50]} Rd4 {[%clk 0:20:54]}
47. Be4 {[%clk 0:12:26]} Rb4 {[%clk 0:20:10]} 48. Bc6 {[%clk 0:12:41]} Rf4
{[%clk 0:18:59]} 49. Be4 {[%clk 0:10:52]} Rf8 {[%clk 0:12:23]} 50. Kg4 {[%clk
0:09:41]} Kf6 {[%clk 0:09:39]} 51. Kh5 {[%clk 0:07:18]} Kg7 {[%clk 0:09:49]}
52. Kg4 {[%clk 0:07:22]} Kf6 {[%clk 0:08:42]} 53. Kh5 {[%clk 0:07:48]} 1/2-1/2